Directory of child guidance service in India (Record no. 1452307)

MARC details
000 -LEADER
fixed length control field 00499nam a2200181Ia 4500
005 - DATE AND TIME OF LATEST TRANSACTION
control field 20250923145520.0
008 - FIXED-LENGTH DATA ELEMENTS--GENERAL INFORMATION
fixed length control field 008 250917s9999 xx 000 0 eng d
037 ## - SOURCE OF ACQUISITION
Stock number Textual
040 ## - CATALOGING SOURCE
Original cataloging agency DSWL
Language of cataloging eng
Transcribing agency DSWL
041 ## - LANGUAGE CODE
Language code of text/sound track or separate title eng
Source of code eng
084 ## - COLON CLASSIFICATION NUMBER
Assigning agency DSWL
100 ## - MAIN ENTRY--PERSONAL NAME
Personal name Bhandari, Anupama
9 (RLIN) 836119
245 #0 - TITLE STATEMENT
Title Directory of child guidance service in India
Statement of responsibility, etc. by Anupama Bhandari
260 ## - PUBLICATION, DISTRIBUTION, ETC.
Place of publication, distribution, etc. Delhi
Name of publisher, distributor, etc. D.S.S.W.
Date of publication, distribution, etc. 1980
300 ## - PHYSICAL DESCRIPTION
Extent ii,37 p.
942 ## - ADDED ENTRY ELEMENTS (KOHA)
Koha item type Textual
Holdings
Withdrawn status Lost status Damaged status Not for loan Home library Current library Date acquired Source of acquisition Total Checkouts Barcode Date last seen Price effective from Koha item type
        Department of Social Work Library Department of Social Work Library 2025-09-23 Through : The Head Department of S.W. Delhi 110007   SW0019794 2025-09-23 2025-09-23 Textual
Copyright @ Delhi University Library System